[Event "6.Open Alta Padovana A"]
[Site "Loreggia"]
[Date "2006.02.25"]
[Round "3.9"]
[White "Roberti, Ignazio"]
[Black "Gaion, Giancarlo"]
[Result "1/2-1/2"]
[WhiteElo "1950"]
[BlackElo "1850"]
[Annotator "Gabriele Ballarin"]
[PlyCount "133"]
[EventDate "2006.02.24"]
[EventType "swiss"]
[EventRounds "5"]
[EventCountry "ITA"]

1. Nf3 d5 2. c4 e6 3. g3 c6 4. Bg2 f5 5. b3 Nf6 6. Bb2 Bd6 7. O-O O-O 8. d3 Nbd7 9. cxd5 exd5 10. Nbd2 Qe7 11. Re1 Ba3 12. Qc1 Bxb2 13. Qxb2 Qd6 14. Rad1 Qb4 15. a3 Qb6 16. b4 Re8 17. a4 a5 18. b5 cxb5 19. axb5 Nc5 20. Qd4 Qxb5 21. Rb1 Qc6 22. Ne5 Qd6 23. Ndc4 Qe6 24. Rb6 Qe7 25. Bxd5+ Nxd5 26. Qxd5+ Be6 27. Qd6 Bxc4 28. Nxc4 Qxd6 29. Nxd6 Re6 30. Rc1 Nd7 31. Rxb7 Rxd6 32. Rcc7 a4 33. e4 fxe4 34. dxe4 a3 35. Ra7 Rxa7 36. Rxa7 Rd3 37. f4 Kf7 38. Kf2 Ke6 39. Ke2 Rb3 40. e5 Rb2+ 41. Ke3 a2 42. h3 Nc5 43. Kd4 Rc2 44. Ke3 Kd5 45. g4 Rc3+ 46. Kf2 Nd3+ 47. Ke2 Nb4 48. Ra5+ Rc5 49. Ra8 Kc4 50. e6 Rc7 51. f5 Kb3 52. g5 Re7 53. Kf3 Kb2 54. Kf4 a1=Q 55. Rxa1 Kxa1 56. f6 gxf6 57. gxf6 Rxe6 58. Kf5 Re8 59. f7 Rf8 60. Kf6 h5 61. Kg7 Ra8 62. f8=Q Rxf8 63. Kxf8 h4 64. Kf7 Nd5 65. Kg6 Nf4+ 66. Kg5 Nxh3+ 67. Kxh4 1/2-1/2

[Event "6.Open Alta Padovana A"]
[Site "Loreggia"]
[Date "2006.02.25"]
[Round "3.10"]
[White "De Nardi, Riccardo"]
[Black "Quaranta, Gaetano"]
[Result "1-0"]
[WhiteElo "1933"]
[BlackElo "1670"]
[Annotator "Gabriele Ballarin"]
[PlyCount "93"]
[EventDate "2006.02.24"]
[EventType "swiss"]
[EventRounds "5"]
[EventCountry "ITA"]

1. e4 e5 2. Nf3 Nc6 3. Bc4 Nf6 4. Ng5 d5 5. exd5 Na5 6. Bb5+ c6 7. dxc6 bxc6 8. Be2 h6 9. Nf3 e4 10. Ne5 Bd6 11. d4 Qc7 12. f4 O-O 13. O-O Bf5 14. Nc3 Rad8 15. Qe1 Nb7 16. Be3 c5 17. Nb5 Qb6 18. Nxd6 Rxd6 19. Nc4 Qc6 20. Nxd6 Qxd6 21. Rd1 cxd4 22. Bxd4 Qe6 23. Bxf6 Qxf6 24. Kh1 Qc6 25. c3 Nc5 26. Rd4 Qb6 27. Qd1 Be6 28. b4 Nb7 29. Rxe4 Bxa2 30. Rd4 Re8 31. Bf3 Nd8 32. Rd6 Qc7 33. Qa4 Qxd6 34. Qxe8+ Kh7 35. Rd1 Qxf4 36. Qe4+ Qxe4 37. Bxe4+ f5 38. Bxf5+ g6 39. Bxg6+ Kxg6 40. Rxd8 Bc4 41. Rc8 Bd3 42. c4 Kf5 43. c5 Ke6 44. Rc6+ Kd5 45. Rd6+ Kc4 46. Rxd3 Kxd3 47. c6 1-0

[Event "6.Open Alta Padovana A"]
[Site "Loreggia"]
[Date "2006.02.26"]
[Round "4.1"]
[White "Xia, Jie"]
[Black "Boscolo, Marco"]
[Result "1/2-1/2"]
[WhiteElo "2109"]
[BlackElo "2025"]
[Annotator "Gabriele Ballarin"]
[PlyCount "49"]
[EventDate "2006.02.24"]
[EventType "swiss"]
[EventRounds "5"]
[EventCountry "ITA"]

1. e4 e6 2. d4 d5 3. e5 c5 4. c3 Nc6 5. Nf3 Qb6 6. a3 Nh6 7. Bd3 cxd4 8. cxd4 Bd7 9. O-O Nxd4 10. Nxd4 Qxd4 11. Nc3 a6 12. Qe2 Ng4 13. Re1 Bc5 14. Nd1 Nxe5 15. Qxe5 Qxd3 16. Qxg7 Bd4 17. Qg5 Qg6 18. Qf4 Qf6 19. Qg3 Qg7 20. Qd6 Rd8 21. Bf4 Bc6 22. Qb4 Rg8 23. Bg3 h5 24. Ne3 Bxe3 25. Rxe3 1/2-1/2

[Event "6.Open Alta Padovana A"]
[Site "Loreggia"]
[Date "2006.02.26"]
[Round "4.2"]
[White "Dvirnyy, Danyyil"]
[Black "Omeri, Silvan"]
[Result "1-0"]
[WhiteElo "2265"]
[BlackElo "2110"]
[Annotator "Gabriele Ballarin"]
[PlyCount "131"]
[EventDate "2006.02.24"]
[EventType "swiss"]
[EventRounds "5"]
[EventCountry "ITA"]

1. e4 Nf6 2. e5 Nd5 3. d4 d6 4. Nf3 Bf5 5. Bd3 Bxd3 6. Qxd3 Qd7 7. c4 Nb6 8. O-O Nc6 9. exd6 cxd6 10. d5 Ne5 11. Nxe5 dxe5 12. Re1 Qc7 13. b3 g6 14. Bb2 Bg7 15. Qg3 f6 16. Nc3 O-O 17. Rad1 Nc8 18. Qh3 Nd6 19. Qe6+ Rf7 20. Ba3 a6 21. f4 exf4 22. Bxd6 exd6 23. Ne4 Rd8 24. b4 b6 25. c5 bxc5 26. bxc5 dxc5 27. Qxa6 Qc8 28. Qxc8 Rxc8 29. Nd6 Rd8 30. Nxf7 Kxf7 31. d6 f5 32. Re7+ Kf8 33. Kf2 Bd4+ 34. Kf3 Rxd6 35. Rxh7 Ra6 36. Kxf4 Rxa2 37. Rb1 Kg8 38. Rd7 Ra8 39. Kg5 Rc8 40. Kxg6 f4 41. h4 Be3 42. Rbd1 Bd4 43. h5 Rf8 44. h6 Rf6+ 45. Kg5 Rf8 46. Rd3 Kh8 47. Rd6 Rg8+ 48. Rg6 Rf8 49. h7 Rf7 50. Rh3 Rxh7 51. Rxh7+ Kxh7 52. Rc6 Be3 53. Kf5 Kg7 54. Ke4 Bd4 55. Kxf4 Kf7 56. g4 Kg7 57. Kf5 Kf7 58. Rc7+ Ke8 59. Kg6 Kd8 60. Ra7 Kc8 61. Kf7 Kb8 62. Rd7 Kc8 63. Ke6 Be3 64. Rd3 Bh6 65. Rd5 Be3 66. g5 1-0

[Event "6.Open Alta Padovana A"]
[Site "Loreggia"]
[Date "2006.02.26"]
[Round "4.3"]
[White "Maccapan, Fabio"]
[Black "Molina, Fabrizio"]
[Result "1-0"]
[WhiteElo "1940"]
[BlackElo "2264"]
[Annotator "Gabriele Ballarin"]
[PlyCount "125"]
[EventDate "2006.02.24"]
[EventType "swiss"]
[EventRounds "5"]
[EventCountry "ITA"]

1. c4 c5 2. Nc3 Nc6 3. g3 g6 4. Bg2 Bg7 5. Nf3 e5 6. d3 Nge7 7. O-O O-O 8. a3 d6 9. Rb1 f5 10. Bd2 Rb8 11. b4 h6 12. Ne1 Kh7 13. Nc2 Be6 14. Ne3 Qd7 15. Ned5 b6 16. Qa4 Rbe8 17. Nxe7 Nxe7 18. Qxd7 Bxd7 19. Nb5 Bxb5 20. cxb5 Rc8 21. Rfc1 Rc7 22. Rc2 Rfc8 23. Rbc1 Kg8 24. f4 h5 25. bxc5 dxc5 26. fxe5 Bxe5 27. Bf4 Bxf4 28. gxf4 Kf7 29. Kf2 Rd8 30. Rc4 Nc8 31. a4 Re7 32. Bc6 Rd6 33. a5 bxa5 34. Rxc5 Nb6 35. Bf3 Rd4 36. Rc7 a4 37. Rxe7+ Kxe7 38. Ke3 Rb4 39. Rc7+ Kd8 40. Rc6 Kd7 41. Rxg6 a3 42. Rg1 h4 43. Ra1 Ra4 44. Kd2 Kd6 45. Kc3 Kc5 46. Kb3 Kxb5 47. Rxa3 Rb4+ 48. Kc2 a5 49. Rb3 a4 50. Rxb4+ Kxb4 51. Kb2 a3+ 52. Ka2 Na4 53. e4 Nc3+ 54. Ka1 fxe4 55. dxe4 Kc5 56. e5 Kd4 57. e6 Nb5 58. e7 Nd6 59. Bc6 h3 60. Ka2 Kc5 61. e8=Q Nxe8 62. Bxe8 Kd5 63. Bg6 1-0

[Event "6.Open Alta Padovana A"]
[Site "Loreggia"]
[Date "2006.02.26"]
[Round "4.4"]
[White "Annoni, Riccardo"]
[Black "Vianello, Enrico"]
[Result "0-1"]
[WhiteElo "2075"]
[BlackElo "2087"]
[Annotator "Gabriele Ballarin"]
[PlyCount "112"]
[EventDate "2006.02.24"]
[EventType "swiss"]
[EventRounds "5"]
[EventCountry "ITA"]

1. e4 c5 2. Nc3 Nc6 3. g3 e6 4. Bg2 Nge7 5. Nge2 g6 6. d3 Bg7 7. Be3 Nd4 8. Qd2 O-O 9. Nd1 d5 10. c3 Nxe2 11. Qxe2 b6 12. f4 d4 13. e5 Ba6 14. cxd4 cxd4 15. Bd2 Rc8 16. Bb4 {=} Re8 17. Bxe7 Rxe7 18. O-O Rec7 19. Rf2 Qe7 20. a3 Qc5 21. b4 Qc2 22. Qxc2 Rxc2 23. Rxc2 Rxc2 24. Nf2 g5 25. a4 gxf4 26. gxf4 Bh6 27. b5 Bc8 28. Nh3 Bg7 29. Nf2 f6 30. exf6 Bxf6 31. Bh3 e5 32. Bxc8 Rxc8 33. Ne4 Bg7 34. f5 Bh6 35. a5 bxa5 36. Rxa5 Rc7 37. Kg2 Kf7 38. Kg3 Bf4+ 39. Kg2 Ke7 40. h3 Kd8 41. f6 Ke8 42. Kf3 Kf7 43. Kg4 Kg6 44. Ra6 h5+ 45. Kh4 Rf7 46. Re6 Rb7 47. Re7 Rxe7 48. fxe7 Kf7 49. Kxh5 Kxe7 50. Kg6 Ke6 51. h4 Kd7 52. h5 Kc7 53. h6 Bxh6 54. Kxh6 Kb6 55. Nd6 Kc5 56. Nc8 e4 0-1

[Event "6.Open Alta Padovana A"]
[Site "Loreggia"]
[Date "2006.02.26"]
[Round "4.5"]
[White "Mosconi, Ariel Oscar"]
[Black "Forato, Enrico"]
[Result "0-1"]
[WhiteElo "2156"]
[BlackElo "1951"]
[Annotator "Gabriele Ballarin"]
[PlyCount "70"]
[EventDate "2006.02.24"]
[EventType "swiss"]
[EventRounds "5"]
[EventCountry "ITA"]

1. e4 c5 2. Nf3 e6 3. d3 d5 4. Nbd2 Nc6 5. g3 Nf6 6. Bg2 Be7 7. O-O O-O 8. Re1 Qc7 9. Qe2 d4 10. e5 Nd7 11. Nf1 b5 12. h4 Bb7 13. Bg5 h6 14. Bf4 Nb4 15. N1h2 Nd5 16. Bd2 Rac8 17. Ng4 Qb6 18. Nxh6+ gxh6 19. Bxh6 Kh7 20. Bxf8 Rxf8 21. Ng5+ Bxg5 22. hxg5 Kg7 23. Be4 Rh8 24. Kg2 Nb4 25. Rh1 Bxe4+ 26. dxe4 Rxh1 27. Rxh1 Nxe5 28. Qh5 Ng6 29. Qh6+ Kg8 30. f4 Nxc2 31. Kf3 d3 32. f5 Nd4+ 33. Kg4 exf5+ 34. exf5 Nxf5 35. Re1 Nxh6+ 0-1

[Event "6.Open Alta Padovana A"]
[Site "Loreggia"]
[Date "2006.02.26"]
[Round "4.6"]
[White "Visentin, Lorenzo"]
[Black "Valsecchi, Alessio"]
[Result "1-0"]
[WhiteElo "1811"]
[BlackElo "1984"]
[Annotator "Gabriele Ballarin"]
[PlyCount "75"]
[EventDate "2006.02.24"]
[EventType "swiss"]
[EventRounds "5"]
[EventCountry "ITA"]

1. d4 Nf6 2. c4 g6 3. Nc3 d5 4. cxd5 Nxd5 5. e4 Nxc3 6. bxc3 Bg7 7. Bc4 c5 8. Ne2 O-O 9. O-O Nc6 10. Be3 Bg4 11. f3 Na5 12. Bxf7+ Rxf7 13. fxg4 Rxf1+ 14. Kxf1 cxd4 15. cxd4 e5 16. d5 Nc4 17. Qd3 b5 18. Rb1 a6 19. Kg1 Bf8 20. Bf2 Bd6 21. a4 Qg5 22. axb5 axb5 23. Nc3 Na3 24. Ra1 Rb8 25. Nb1 b4 26. Nd2 Qxg4 27. Nb3 Rc8 28. h3 Qf4 29. Qa6 Qf8 30. Rf1 Nc4 31. Rc1 Nb6 32. Qxb6 Rxc1+ 33. Nxc1 Be7 34. Nb3 Qf4 35. Be3 Qxe4 36. Qe6+ Kf8 37. Bh6+ Ke8 38. Bg5 1-0

[Event "6.Open Alta Padovana A"]
[Site "Loreggia"]
[Date "2006.02.26"]
[Round "4.7"]
[White "Cerioli, Giuseppe"]
[Black "Ljubisavljevic, Zivojin Z"]
[Result "0-1"]
[WhiteElo "1907"]
[BlackElo "2310"]
[Annotator "Gabriele Ballarin"]
[PlyCount "83"]
[EventDate "2006.02.24"]
[EventType "swiss"]
[EventRounds "5"]
[EventCountry "ITA"]

1. d4 Nf6 2. Nc3 d5 3. Bg5 e6 4. e4 Bb4 5. e5 h6 6. Bd2 Bxc3 7. bxc3 Ne4 8. g3 c5 9. Bg2 Nxd2 10. Qxd2 Nc6 11. Ne2 Qa5 12. f4 f6 13. O-O b6 14. Rad1 Ba6 15. Rf2 Bxe2 16. Rxe2 cxd4 17. cxd4 Qxd2 18. Rexd2 Na5 19. Bf1 Rc8 20. Bd3 h5 21. Rb1 Ke7 22. Re2 Rc3 23. Kf2 Ra3 24. Rb2 Rc8 25. h3 Nc4 26. Bxc4 Rxc4 27. Re3 Rxe3 28. Kxe3 Rc3+ 29. Kf2 h4 30. gxh4 Rxh3 31. Kg2 Rxh4 32. Kg3 Rh1 33. Rb3 Rc1 34. Rc3 Kd7 35. Kg4 Rd1 36. Ra3 a5 37. c3 Rg1+ 38. Kh3 Kc6 39. Rb3 Ra1 40. Kg4 Rxa2 41. Kh5 Rf2 42. Rb1 0-1

[Event "6.Open Alta Padovana A"]
[Site "Loreggia"]
[Date "2006.02.26"]
[Round "4.8"]
[White "Quaranta, Cristiano"]
[Black "Logallo, Claudio"]
[Result "1/2-1/2"]
[WhiteElo "2024"]
[BlackElo "2054"]
[Annotator "Gabriele Ballarin"]
[PlyCount "22"]
[EventDate "2006.02.24"]
[EventType "swiss"]
[EventRounds "5"]
[EventCountry "ITA"]

1. e4 c5 2. Nf3 d6 3. c3 Nf6 4. h3 g6 5. Bd3 Bg7 6. O-O O-O 7. Bc2 Nc6 8. d3 e5 9. Bg5 h6 10. Be3 b6 11. Re1 d5 {=} 1/2-1/2

[Event "6.Open Alta Padovana A"]
[Site "Loreggia"]
[Date "2006.02.26"]
[Round "4.9"]
[White "Gaion, Giancarlo"]
[Black "De Nardi, Riccardo"]
[Result "1/2-1/2"]
[WhiteElo "1850"]
[BlackElo "1933"]
[Annotator "Gabriele Ballarin"]
[PlyCount "59"]
[EventDate "2006.02.24"]
[EventType "swiss"]
[EventRounds "5"]
[EventCountry "ITA"]

1. Nf3 Nf6 2. d4 g6 3. c4 Bg7 4. Nc3 O-O 5. e4 d6 6. Be2 a5 7. O-O Nbd7 8. Qc2 e5 9. dxe5 Nxe5 10. Nxe5 dxe5 11. Rd1 Qe7 12. Bg5 Be6 13. Nd5 Bxd5 14. cxd5 Qd6 15. Be3 Nd7 16. Rac1 Rfc8 17. Bg4 Bf8 18. Qa4 Rd8 19. Rd3 b6 20. Rc6 Qb4 21. Qxb4 axb4 22. Rxc7 Rxa2 23. g3 Nc5 24. Bxc5 bxc5 25. b3 Ra6 26. Rf3 Ra1+ 27. Kg2 h5 28. Bc8 Bd6 29. Rc6 Kf8 30. h4 1/2-1/2

[Event "6.Open Alta Padovana A"]
[Site "Loreggia"]
[Date "2006.02.26"]
[Round "5.2"]
[White "Vianello, Enrico"]
[Black "Maccapan, Fabio"]
[Result "1/2-1/2"]
[WhiteElo "2087"]
[BlackElo "1940"]
[Annotator "Gabriele Ballarin"]
[PlyCount "129"]
[EventDate "2006.02.24"]
[EventType "swiss"]
[EventRounds "5"]
[EventCountry "ITA"]

1. d4 e6 2. Nf3 f5 3. g3 Nf6 4. Bg2 Be7 5. c4 d5 6. b3 c6 7. O-O O-O 8. Ba3 Bxa3 9. Nxa3 Nbd7 10. Nc2 Ne4 11. Nce1 g5 12. Nd3 g4 13. Nfe5 Ng5 14. Qd2 Nf7 15. Qf4 Ndxe5 16. Nxe5 Nxe5 17. Qxe5 Rf7 18. Rfc1 Qf6 19. Qxf6 Rxf6 20. e3 Bd7 21. b4 Rff8 22. Bf1 Kf7 23. cxd5 exd5 24. Rab1 a6 25. h4 Ke7 26. Bd3 h6 27. Kf1 Kd6 28. Ke2 Ke7 29. Kd2 Kd6 30. a4 Rfc8 31. Rc5 b6 32. Rc3 Ra7 33. Ke2 Raa8 34. f3 a5 35. Bc2 Rc7 36. bxa5 bxa5 37. Rc5 Rcc8 38. fxg4 fxg4 39. Rf1 Rf8 40. Rf4 Rxf4 41. exf4 Re8+ 42. Kf2 Ra8 43. Bg6 Rb8 44. Rxa5 Rb2+ 45. Ke3 Rg2 46. f5 Rxg3+ 47. Kf4 Rd3 48. Kxg4 Rxd4+ 49. Kh5 Ke5 50. Kxh6 Rxh4+ 51. Kg5 Rh2 52. Rc5 Rg2+ 53. Kh4 Kf6 54. Rc1 d4 55. a5 c5 56. Ra1 d3 57. a6 d2 58. a7 Bc6 59. a8=Q Bxa8 60. Rxa8 Ke5 61. Rd8 c4 62. Kh3 c3 63. Kxg2 c2 64. Rxd2 c1=Q 65. Re2+ 1/2-1/2

[Event "6.Open Alta Padovana A"]
[Site "Loreggia"]
[Date "2006.02.26"]
[Round "5.3"]
[White "Boscolo, Marco"]
[Black "Visentin, Lorenzo"]
[Result "1/2-1/2"]
[WhiteElo "2025"]
[BlackElo "1811"]
[Annotator "Gabriele Ballarin"]
[PlyCount "32"]
[EventDate "2006.02.24"]
[EventType "swiss"]
[EventRounds "5"]
[EventCountry "ITA"]

1. e4 c5 2. Nf3 d6 3. c4 Nf6 4. Nc3 a6 5. d4 cxd4 6. Nxd4 e6 7. Be2 Be7 8. O-O O-O 9. Be3 Nbd7 10. Qd2 Qc7 11. Rac1 b6 12. Rfd1 Bb7 13. f3 Rac8 14. Bf1 Ne5 15. Qf2 Qd7 16. b3 d5 1/2-1/2

[Event "6.Open Alta Padovana A"]
[Site "Loreggia"]
[Date "2006.02.26"]
[Round "5.4"]
[White "Ljubisavljevic, Zivojin Z"]
[Black "Forato, Enrico"]
[Result "1-0"]
[WhiteElo "2310"]
[BlackElo "1951"]
[Annotator "Gabriele Ballarin"]
[PlyCount "65"]
[EventDate "2006.02.24"]
[EventType "swiss"]
[EventRounds "5"]
[EventCountry "ITA"]

1. d4 Nf6 2. Bg5 Ne4 3. Bf4 c5 4. f3 Qa5+ 5. c3 Nf6 6. d5 e6 7. e4 exd5 8. exd5 d6 9. Na3 Be7 10. Nc4 Qc7 11. a4 O-O 12. Ne2 Re8 13. Kf2 Nbd7 14. Ng3 Nb6 15. Ne3 Bf8 16. a5 Nbd7 17. Bb5 a6 18. Ba4 Rd8 19. Bxd7 Bxd7 20. Nc4 b5 21. Nb6 Rab8 22. Bg5 Re8 23. Bxf6 gxf6 24. Qd2 Rxb6 25. axb6 Qxb6 26. Ne4 Bg7 27. Rhe1 Re5 28. f4 c4+ 29. Qe3 Qxe3+ 30. Rxe3 Rxd5 31. Rxa6 Rf5 32. g3 Rd5 33. Ra8+ 1-0

[Event "6.Open Alta Padovana A"]
[Site "Loreggia"]
[Date "2006.02.26"]
[Round "5.5"]
[White "Molina, Fabrizio"]
[Black "Omeri, Silvan"]
[Result "1/2-1/2"]
[WhiteElo "2264"]
[BlackElo "2110"]
[Annotator "Gabriele Ballarin"]
[PlyCount "130"]
[EventDate "2006.02.24"]
[EventType "swiss"]
[EventRounds "5"]
[EventCountry "ITA"]

1. c4 e5 2. g3 Bc5 3. Bg2 d6 4. Nc3 a6 5. e3 Nc6 6. Nge2 Bg4 7. h3 Bh5 8. O-O Nge7 9. a3 a5 10. b3 O-O 11. Bb2 f5 12. f4 Ng6 13. Bf3 Bxf3 14. Rxf3 exf4 15. gxf4 Qh4 16. Kh2 Rae8 17. Nd5 Rf7 18. Rg3 Qh5 19. Qf1 h6 20. Qg2 Kh7 21. Rg1 Re6 22. Nec3 Nce5 23. fxe5 dxe5 24. b4 axb4 25. axb4 Bd6 26. c5 f4 27. Rxg6 Rxg6 28. Qxg6+ Qxg6 29. Rxg6 Kxg6 30. cxd6 cxd6 31. exf4 exf4 32. Ne4 Rd7 33. Kg2 Kf5 34. Kf3 g5 35. b5 h5 36. Nef6 Rg7 37. Nxh5 Rh7 38. Ng7+ Kg6 39. Kg2 f3+ 40. Kxf3 Rxh3+ 41. Ke4 Rb3 42. Bc3 Rxb5 43. Nf5 Rb1 44. Nxd6 Kh5 45. Nb4 Kh4 46. Nf5+ Kh3 47. Nc2 g4 48. Be5 b5 49. d4 b4 50. d5 b3 51. Nce3 b2 52. d6 g3 53. Nxg3 Rd1 54. Bxb2 Rxd6 55. Kf3 Rb6 56. Be5 Rb5 57. Bf4 Rb4 58. Ne4 Ra4 59. Bg5 Rb4 60. Ng4 Rb3+ 61. Ne3 Rb4 62. Nf2+ Kh2 63. Be7 Rb3 64. Bd6+ Kg1 65. Nh3+ Kh1 1/2-1/2

[Event "6.Open Alta Padovana A"]
[Site "Loreggia"]
[Date "2006.02.26"]
[Round "5.8"]
[White "Logallo, Claudio"]
[Black "Roberti, Ignazio"]
[Result "1-0"]
[WhiteElo "2054"]
[BlackElo "1950"]
[Annotator "Gabriele Ballarin"]
[PlyCount "114"]
[EventDate "2006.02.24"]
[EventType "swiss"]
[EventRounds "5"]
[EventCountry "ITA"]

1. e4 c5 2. Nf3 e6 3. d3 Nc6 4. g3 d6 5. Bg2 Nf6 6. O-O Be7 7. Nbd2 O-O 8. c3 e5 9. h3 Rb8 10. a4 a6 11. Nc4 b5 12. axb5 axb5 13. Ne3 Be6 14. Nh4 g6 15. Nf3 Qb6 16. Kh2 b4 17. c4 b3 18. Ng5 Nd4 19. f4 Nh5 20. Nxe6 fxe6 21. f5 Nf6 22. fxe6 Nxe6 23. Bd2 Nd4 24. Bc3 Ra8 25. Nd5 Nxd5 26. Rxf8+ Rxf8 27. exd5 Nc2 28. Ra5 Rf2 29. Qg1 Rf8 30. Rb5 Qd8 31. Rxb3 Bg5 32. Rb7 Qf6 33. Rd7 Be3 34. Qd1 Qf2 35. h4 Bd4 36. Bd2 Be3 37. Bc3 Bf4 38. Qf3 Bh6 39. Qxf2 Rxf2 40. Kh3 Ne3 41. Be4 Bf8 42. h5 g5 43. Rxh7 g4+ 44. Kh4 Bg7 45. h6 Bf6+ 46. Kh5 Nf5 47. Bxf5 Rxf5+ 48. Kg6 Rf3 49. Rf7 Bd8 50. Rxf3 gxf3 51. Be1 Ba5 52. Bf2 Bd2 53. Kf5 Bxh6 54. Kg4 Kf7 55. Kxf3 Kf6 56. Ke4 Bc1 57. b3 Bd2 1-0

[Event "6.Open Alta Padovana A"]
[Site "Loreggia"]
[Date "2006.02.26"]
[Round "5.9"]
[White "Gaion, Giancarlo"]
[Black "Quaranta, Cristiano"]
[Result "0-1"]
[WhiteElo "1850"]
[BlackElo "2024"]
[Annotator "Gabriele Ballarin"]
[PlyCount "34"]
[EventDate "2006.02.24"]
[EventType "swiss"]
[EventRounds "5"]
[EventCountry "ITA"]

1. Nf3 Nf6 2. d4 d5 3. e3 g6 4. Bd3 Bg7 5. Nbd2 O-O 6. O-O Nbd7 7. c3 b6 8. Re1 Bb7 9. Qc2 c5 10. dxc5 Nxc5 11. Nb3 Nxd3 12. Qxd3 Rc8 13. Nbd2 Re8 14. Nf1 e5 15. Qe2 Ne4 16. Bd2 Nc5 17. Rad1 Ba6 0-1

[Event "66.Camp. Veneto Quarti di Finale"]
[Site "Arquà Petrarca ITA"]
[Date "2006.05.06"]
[Round "1.22"]
[White "Danese, Aldo"]
[Black "Benà_261, Ermanno"]
[Result "1/2-1/2"]
[WhiteElo "1946"]
[BlackElo "1440"]
[Annotator "Gabriele Ballarin"]
[PlyCount "87"]
[EventDate "2006.05.06"]
[EventType "swiss"]
[EventRounds "6"]
[EventCountry "ITA"]

1. f4 d5 2. Nf3 Nf6 3. d3 Bf5 4. e3 Nc6 5. Bd2 e6 6. Be2 Bd6 7. Nh4 Ne7 8. Nc3 h6 9. Nxf5 Nxf5 10. e4 Nxe4 11. dxe4 Qh4+ 12. Kf1 Ng3+ 13. hxg3 Qxh1+ 14. Kf2 Bc5+ 15. Kf3 Qh5+ 16. g4 Qg6 17. e5 h5 18. g5 h4 19. Be3 d4 20. Bxd4 O-O-O 21. Nb5 a6 22. a4 axb5 23. axb5 Rxd4 24. Ra8+ Kd7 25. Qxd4+ Bxd4 26. Rxh8 Qxc2 27. Rxh4 Qc1 28. Kg4 g6 29. Rh3 Qd2 30. Bf3 Qxb2 31. Bxb7 Qxb5 32. Be4 c5 33. Ra3 Ke7 34. Ra8 Qe2+ 35. Bf3 Qb5 36. Rc8 Qd7 37. Rb8 Qa4 38. Rc8 Be3 39. g3 Qa6 40. Ra8 Qb6 41. Rc8 Qa6 42. Ra8 Qd3 43. Bc6 Qe2+ 44. Kh3 1/2-1/2

[Event "66.Camp. Veneto Quarti di Finale"]
[Site "Arquà Petrarca ITA"]
[Date "2006.05.06"]
[Round "1.23"]
[White "Moscato, Riccardo"]
[Black "Fracasso Pezzolato, Michele"]
[Result "0-1"]
[WhiteElo "1440"]
[BlackElo "1945"]
[Annotator "Gabriele Ballarin"]
[PlyCount "42"]
[EventDate "2006.05.06"]
[EventType "swiss"]
[EventRounds "6"]
[EventCountry "ITA"]

1. d4 Nf6 2. Nf3 g6 3. c4 Bg7 4. e3 d6 5. d5 O-O 6. Nc3 c6 7. e4 cxd5 8. cxd5 Qb6 9. Qd2 Na6 10. Bc4 Nc5 11. Qe2 Bg4 12. O-O Rac8 13. Be3 Nfd7 14. Rab1 Ne5 15. Rfd1 Qb4 16. b3 Qxc3 17. Bd2 Nxf3+ 18. Kh1 Nxd2 19. Qxg4 Nxb1 20. Rxb1 Qe5 21. f4 Qxe4 0-1

[Event "66.Camp. Veneto Quarti di Finale"]
[Site "Arquà Petrarca ITA"]
[Date "2006.05.06"]
[Round "1.24"]
[White "Zangrando, Gianpietro"]
[Black "Vicentini, Giovanni"]
[Result "1-0"]
[WhiteElo "1939"]
[BlackElo "1440"]
[Annotator "Gabriele Ballarin"]
[PlyCount "61"]
[EventDate "2006.05.06"]
[EventType "swiss"]
[EventRounds "6"]
[EventCountry "ITA"]

1. Nf3 d5 2. d4 Bf5 3. e3 Nf6 4. c4 e6 5. Nc3 c6 6. Be2 Nbd7 7. O-O Be7 8. b3 O-O 9. a4 c5 10. Nh4 Ne4 11. Nxf5 exf5 12. Nxd5 Bd6 13. Bb2 b6 14. Bd3 Ndf6 15. Bxe4 fxe4 16. Nxf6+ Qxf6 17. Qg4 Rfe8 18. Rad1 Rad8 19. Rd2 Qh6 20. h3 Qf6 21. Rfd1 Bc7 22. dxc5 Qh6 23. Rxd8 Bxd8 24. Rd6 f6 25. Qc8 g5 26. Rxd8 Rxd8 27. Qxd8+ Qf8 28. Qxf8+ Kxf8 29. cxb6 axb6 30. Bxf6 h6 31. Bd8 1-0

[Event "66.Camp. Veneto Quarti di Finale"]
[Site "Arquà Petrarca ITA"]
[Date "2006.05.07"]
[Round "2.14"]
[White "Benà, Ermanno"]
[Black "Zanirato, Stefano"]
[Result "1/2-1/2"]
[WhiteElo "1440"]
[BlackElo "1979"]
[Annotator "Gabriele Ballarin"]
[PlyCount "31"]
[EventDate "2006.05.06"]
[EventType "swiss"]
[EventRounds "6"]
[EventCountry "ITA"]

1. c4 Nf6 2. Nc3 e5 3. Nf3 Nc6 4. g3 Be7 5. Bg2 O-O 6. O-O d6 7. d3 Bd7 8. a3 Qc8 9. b4 Bh3 10. Bg5 Bxg2 11. Kxg2 a6 12. Nd5 Nxd5 13. cxd5 Bxg5 14. Nxg5 Ne7 15. e4 h6 16. Nf3 1/2-1/2

[Event "66.Camp. Veneto Quarti di Finale"]
[Site "Arquà Petrarca ITA"]
[Date "2006.05.07"]
[Round "2.25"]
[White "Vicentini, Giovanni"]
[Black "Bagolin, Renzo"]
[Result "0-1"]
[WhiteElo "1440"]
[BlackElo "1700"]
[Annotator "Gabriele Ballarin"]
[PlyCount "64"]
[EventDate "2006.05.06"]
[EventType "swiss"]
[EventRounds "6"]
[EventCountry "ITA"]

1. d4 Nf6 2. Nf3 e6 3. e3 d5 4. c3 c5 5. Nbd2 Nc6 6. c4 cxd4 7. exd4 dxc4 8. Nxc4 Be7 9. Be3 O-O 10. Bd3 Bb4+ 11. Bd2 Bxd2+ 12. Qxd2 b6 13. Bc2 Bb7 14. O-O Rc8 15. Qd3 Nb4 16. Qc3 Nxc2 17. Qxc2 b5 18. Qb3 Bxf3 19. Nd2 Be2 20. Rfe1 Bc4 21. Nxc4 bxc4 22. Qd1 Qb6 23. Qd2 Rfd8 24. Red1 Ne4 25. Qe3 Qc6 26. Rac1 Qd5 27. f3 Nf6 28. Qa3 Qb5 29. b3 cxb3 30. axb3 Qe2 31. Rxc8 Qxd1+ 32. Kf2 Qxd4+ 0-1

[Event "66.Camp. Veneto Quarti di Finale"]
[Site "Arquà Petrarca ITA"]
[Date "2006.05.07"]
[Round "3.25"]
[White "Zanini, Andrea"]
[Black "Vicentini, Giovanni"]
[Result "1-0"]
[WhiteElo "1700"]
[BlackElo "1440"]
[Annotator "Gabriele Ballarin"]
[PlyCount "111"]
[EventDate "2006.05.06"]
[EventType "swiss"]
[EventRounds "6"]
[EventCountry "ITA"]

1. Nf3 d5 2. b3 Bf5 3. Bb2 c5 4. e3 Nc6 5. d4 e6 6. Be2 Nf6 7. Ba3 Qb6 8. O-O Bd6 9. Bd3 Bxd3 10. Qxd3 e5 11. dxe5 Nxe5 12. Nxe5 Bxe5 13. c3 O-O 14. Nd2 Ng4 15. Nf3 Qd6 16. Nxe5 Qxe5 17. g3 b6 18. Bb2 Rad8 19. Qe2 Qh5 20. h4 Qf5 21. Rad1 Rfe8 22. Bc1 d4 23. Qd3 Qxd3 24. Rxd3 dxc3 25. Rxc3 Ne5 26. Kg2 Rd3 27. Rxd3 Nxd3 28. Ba3 g6 29. Rd1 Ne5 30. Bb2 a5 31. Rd5 Nc6 32. Rd6 Rc8 33. e4 b5 34. Rd5 Nb4 35. Rd7 Nxa2 36. Ra7 Nb4 37. Rxa5 Nd3 38. Bf6 b4 39. Ra1 h6 40. Rd1 Rc6 41. e5 Rxf6 42. exf6 Ne5 43. Rd5 Ng4 44. Rxc5 Nxf6 45. Rb5 Ne4 46. Rxb4 Nd2 47. Rb8+ Kg7 48. b4 Kf6 49. b5 Ke6 50. b6 Nc4 51. Rc8 Na5 52. Rc7 Kd6 53. Rxf7 Kc5 54. Rf6 Nc6 55. Rxg6 Kxb6 56. Rxh6 1-0

[Event "66.Camp. Veneto Quarti di Finale"]
[Site "Arquà Petrarca ITA"]
[Date "2006.05.07"]
[Round "3.16"]
[White "Danese, Aldo"]
[Black "Moscato, Riccardo"]
[Result "1-0"]
[WhiteElo "1946"]
[BlackElo "1440"]
[Annotator "Gabriele Ballarin"]
[PlyCount "37"]
[EventDate "2006.05.06"]
[EventType "swiss"]
[EventRounds "6"]
[EventCountry "ITA"]

1. f4 d5 2. Nf3 Nf6 3. e3 c5 4. d3 Nc6 5. Be2 e6 6. O-O Bd6 7. Nc3 Bc7 8. a3 e5 9. Qe1 d4 10. Na4 Qe7 11. fxe5 Bxe5 12. Nxe5 Qxe5 13. Bf3 Bd7 14. exd4 cxd4 15. Bxc6 Qe6 16. Nc5 Ke7 17. Nxe6 bxc6 18. Nxd4+ Be6 19. Nxc6+ 1-0